В кігтях тиранів: спогади українця червоноармійця (Запис № 317679)
[ простий вигляд ]
| 000 -Лідер | |
|---|---|
| fixed length control field | 00704nam a22002537a 4500 |
| 001 - Контрольний номер | |
| control field | 31257 |
| 003 - Ідентифікатор контрольного номера | |
| control field | UA-OsUOA |
| 005 - Дата та час останнього входження (трансакції) | |
| control field | 20191121150535.0 |
| 007 - Фіксоване поле фізичного опису | |
| fixed length control field | ta |
| 008 - Елементи даних фіксованої довжини – загальна інформація | |
| fixed length control field | 20041208b un ||||| |||| 00| 0 ukr d |
| 040 ## - Джерело каталогізації | |
| Агенція оригінальної каталогізації | UA-OsUOA |
| Мова каталогізації | ukr |
| Агенція, яка здійснювала перезапис | UA-OsUOA |
| Агенція, яка здійснювала модифікацію | UA-OsUOA |
| 041 ## - Код мови | |
| Код мови тексту/ звукової доріжки чи окремого заголовка (П) | ukr |
| 044 ## - Код країни видавця/ виробника | |
| Код країни видавця/ виробника (П) | DE |
| 080 ## - Індекс Універсальної десяткової класифікації | |
| Індекс Універсальної десяткової класифікації (УДК) (НП) | 82-94 |
| 090 ## - Локальний шифр розміщення | |
| Класифікаційний індекс УДК | 82-94 |
| Авторський знак (НП) | С32 |
| 100 ## - Основне введення – ім’я особи | |
| Ім’я особи (НП) | Сергієнко М. |
| 245 ## - Відомості про назву | |
| Назва (НП) | В кігтях тиранів: спогади українця червоноармійця |
| 260 ## - Публікація, розповсюдження і т.п. (Вихідні дані) | |
| Місце публікації, розповсюдження і т.п. (П) | Німеччина |
| Ім’я/ наймення видавництва, розповсюджувача і т.п. (П) | Дніпрова хвиля |
| Дата публікації, розповсюдження і т.п. (П) | 1953 |
| 300 ## - Фізичний опис | |
| Обсяг | 230 с. |
| 650 #7 - Додаткове предметне введення – тематичний термін | |
| Джерело заголовка чи терміна | UDC |
| 942 ## - Додаткові елементи входу (Коха) | |
| Тип елемента Koha | Книги |
| Source of classification or shelving scheme | Universal Decimal Classification |
| 955 ## - Код типу видання за змістом | |
| Код типу видання за змістом (НП) | інше |
| Стан вилучень | Стан втрат | Джерело класифікації або схеми стелажів | Стан уражень | Не для кредиту | Постійне місце розташування | Поточне розміщення | Дата придбання | Інвентарний номер | Усього замовленно | Повний номер виклику | Штрих-код | Дата останнього перегляду | Ціна ефективна від | Тип елемента Koha | Код колекції | Джерело придбання | Вартість, звичайна ціна покупки |
|---|---|---|---|---|---|---|---|---|---|---|---|---|---|---|---|---|---|
| Withdrawn | Universal Decimal Classification | АБ - Абонемент НБ | АБ - Абонемент НБ | 26/11/2012 | 51131 | 82-94 С32 | 51131 | 13/07/2019 | 08/12/2004 | Книги | |||||||
| Universal Decimal Classification | АБ - Абонемент НБ | АБ - Абонемент НБ | 08/12/2004 | 81466 | 82-94 С32 | 81466 | 31/01/2024 | 08/12/2004 | Книги | ||||||||
| Universal Decimal Classification | АБ - Абонемент НБ | АБ - Абонемент НБ | 22/06/2012 | 139643 | 82-94 С32 | 139643 | 11/02/2022 | 22/06/2012 | Книги | Колекція бібліотеки інституту Св. Івана | 48/2012 | 3.00 | |||||
| Universal Decimal Classification | Наукова бібліотека ІДУД | Наукова бібліотека ІДУД | 20/09/2011 | 2131907 | 82-94 С32 | 2131907 | 14/09/2019 | 20/09/2011 | Книги | 227/2010 | |||||||
| Universal Decimal Classification | Наукова бібліотека ІДУД | Наукова бібліотека ІДУД | 22/10/2015 | 2138781 | 82-94 С32 | 2138781 | 15/09/2019 | 22/10/2015 | Книги | Колекція Центру дослідження імміграційної історії Міннесотського університету | 322/2015 | 1.00 | |||||
| Universal Decimal Classification | Наукова бібліотека ІДУД | Наукова бібліотека ІДУД | 14/06/2008 | 2128998 | 82-94 С32 | 2128998 | 15/09/2019 | 14/06/2008 | Книги | 110/2007 | 1.00 | ||||||
| Universal Decimal Classification | Наукова бібліотека ІДУД | Наукова бібліотека ІДУД | 14/06/2008 | 2128999 | 82-94 С32 | 2128999 | 15/09/2019 | 14/06/2008 | Книги | 115/2007 | 1.00 | ||||||
| Universal Decimal Classification | Наукова бібліотека ІДУД | Наукова бібліотека ІДУД | 14/06/2008 | 2129003 | 82-94 С32 | 2129003 | 15/09/2019 | 14/06/2008 | Книги | 109/2007 | 1.00 |